000 01559aam a2200325 i 4500
001 768714001
003 CO-MdFUSB
005 20211216153914.0
007 ta
008 211216t1978 sp |||| |||| 00| 0 spa d
020 _a8472284107
040 _bspa.
_aCO-MdFUSB
_cCO-MdFUSB
_dCO-MdFUSBC
_erda
041 _aspa
_heng
082 0 4 _a269.4
_223
_bD952p
100 1 _aDurasoff, Steve
_eautor
240 _aPentecost behind the iron curtain
245 1 0 _aPentecostales tras el telón de acero
_c/ Steve Durasoff ; traducido por Bárbara Marcos
264 1 _aTerrassa, Barcelona :
_bClie,
_c[1978]
264 4 _c© 1978
300 _a141 páginas
_c; 18 cm
336 _atexto
_btxt
_2rdacontent
337 _2rdamedia
_asin mediación
_bn
338 _2rdacarrier
_avolumen
_bnc
505 _aMiembros del Partido ven una pelicula pentecostal. --Las reuniones en la calle de Leningrado. -- Los pioneros pentecostales en la URSS. -- ¡No hablen en lenguas! -- Veinte grados bajo cero. -- Pentecostales en la prensa Soviética. -- La radio alcanza a los rusos. -- El bloque de naciones comunistas. -- Avivamiento perenne en Rumania. -- Polonia: preparándose para el pentecostés. -- Los búlgaros, portadores de bultos. -- Yugoeslavia: abundantes oportunidades. -- Checoslovaquia: equipándose para el crecimiento. -- Hungría y Alemania del Este: lento progreso. -- Entrega al Señor.
563 _aRústico
650 0 _9153
_aHistoria de la Iglesia
700 _95998
_aMarcos, Bárbara ‎
_etraductor
942 _cBK
945 _aJTF-925
999 _c38450
_d38450